000
00306nam a22000977a 4500
008
150626b xxu||||| |||| 00| 0 eng d
010
_8
SCCRApln.F20B
245
_a
SUPREME COURT CRIMINAL APPLICATION NO.02 OF 2015 Imere Deo Vs Uganda
260
_a
Supreme Court Kampala
500
_3
RULING: Hon. Arach - Amoko JSC
999
_c
6938
_d
6938